000 01170nam a2200313 i 4500
003 EG-GICUC
005 20260314095737.0
008 260113s1967 ua |||fr|||| 00| 0 ara d
040 _a EG-GICUC
_bara
_c EG-GICUC
_d EG-GICUC
_erda
041 0 _aAra
082 0 4 _221
_a343.39
_bأ ح . ن
092 0 4 _221
099 _aLaw1 10 343.39 أ ح . ن 1967
100 0 _aأحمد فتحى بهنسى
_eمؤلف.
245 1 0 _aنظرية الإثبات فى الفقه الجنائى الإسلامى :
_bدراسة فقهية مقارنة /
_cتأليف أحمد فتحى بهنسى.
250 _aالطبعة الثانية
_bمزيدة
264 1 _aالقاهرة :
_bمكتبة الوعى العربى،
_c1967.
300 _a263 صفحة؛
_c24 سم.
336 _2rda content
_atext
337 _2rda media
_aComputer
338 _2rda carrier
_aOnline Resource
546 _aالنص باللغة العربية
650 1 _aالإثبات الجنائى
_2qrmak
650 1 _aالقانون الجنائى
_2qrmak
651 1 _2qrmak
856 4 0 _uhttps://fll.law.cu.edu.eg/fulltext/bks/B10-07489.pdf
905 _a54
_eYara
942 _2ddc
_cBK
_e21
_n0
999 _c56945
_d56945